000 00575nam a22001697a 4500
999 _c20291
_d20291
008 240515b ||||| |||| 00| 0 eng d
020 _a9781506385815
082 _aDC 303.625
_bM363 2018
100 _aMartin, Gus.
_93873
245 _aUnderstanding terrorism :
_bchallenges, perspective, and issues /
_cGus Martin.
250 _aSixth edition.
260 _aCalifornia :
_bSAGE Publications,
_c©2018.
300 _axix, 445 pages :
_bcolor illustrations ;
_c25 cm.
500 _aIncludes appendices, glossary, and index.
650 _aTerrorism.
_957191
942 _2ddc
_cDC